000 00235nam a2200121Ia 4500
100 _aALEXANDER/SOLZHENIFSYN
942 _cBK
245 _aTHE GULOG ARCHIPELOGO
260 _b#N/A
300 _a660
546 _aENGLISH
999 _c20546
_d20546